Európska dimenzia verejnej správy
Päťročné členstvo SR v EÚ nanovo stavia do popredia význam a úlohy verejnej správy v období pred vstupom a v podmienkach členstva. V predsvstupovom období sa aj inštitúcie verejnej správy museli vyrovnať s požiadavkami kodanských kritérií a osvojovať si zásady európskeho administratívneho priestoru...
Gespeichert in:
| 1. Verfasser: | |
|---|---|
| Weitere Verfasser: | |
| Format: | Buchkapitel |
| Sprache: | Slowakisch |
| Schlagworte: | |
| Tags: |
Keine Tags, Fügen Sie das erste Tag hinzu!
|
MARC
| LEADER | 00000naa$a2200000$$$4500 | ||
|---|---|---|---|
| 001 | 0109154 | ||
| 005 | 20240502072215.3 | ||
| 041 | 0 | |a slo | |
| 044 | |a SK | ||
| 245 | 1 | 0 | |a Európska dimenzia verejnej správy |c Silvia Matúšová, Mária Tokárová |
| 520 | |a Päťročné členstvo SR v EÚ nanovo stavia do popredia význam a úlohy verejnej správy v období pred vstupom a v podmienkach členstva. V predsvstupovom období sa aj inštitúcie verejnej správy museli vyrovnať s požiadavkami kodanských kritérií a osvojovať si zásady európskeho administratívneho priestoru a dobrej správnej praxe, ktoré v súčasnosti rozvíjajú implementáciou acquis communautaire. | ||
| 610 | 2 | 0 | |a správa verejná |
| 610 | 2 | 0 | |a Slovensko |
| 610 | 2 | 0 | |a Európska únia |
| 100 | 1 | |a Matúšová, Silvia | |
| 700 | 1 | |a Tokárová, Mária | |